[Event "Benidorm op-A"]
[Site "Benidorm"]
[Date "2024.11.03"]
[Round "9"]
[White "Bremner, Adam"]
[Black "Wang, Hao3"]
[Result "0-1"]
[WhiteElo "2162"]
[BlackElo "2095"]
[PlyCount "78"]
[EventDate "2024.10.27"]
[EventType "swiss"]
[EventRounds "9"]
[EventCountry "ESP"]
[SourceTitle "CB45_2024"]
[Source "ChessBase"]
[SourceDate "2024.11.06"]
[SourceVersion "1"]
[SourceVersionDate "2024.11.06"]
[SourceQuality "1"]

1. d4 Nf6 2. Nf3 e6 3. g3 b6 4. Bg2 Bb7 5. c4 c5 6. d5 exd5 7. Nh4 Qc7 8. cxd5 d6 9. Nc3 a6 10. a4 Nbd7 11. e4 g6 12. f4 Bg7 13. Nf3 0-0 14. 0-0 Rfe8 15. Re1 c4 16. h3 Nc5 17. e5 Nfd7 18. e6 fxe6 19. Ng5 e5 20. Ne6 Nxe6 21. dxe6 Rxe6 22. Nd5 Qc8 23. Be3 b5 24. h4 Re8 25. Bh3 exf4 26. gxf4 Qd8 27. h5 Nc5 28. Bxc5 dxc5 29. Rxe8+ Qxe8 30. Bg2 Rd8 31. h6 Bxb2 32. axb5 axb5 33. Ra7 Bd4+ 34. Qxd4 Qe1+ 35. Kh2 Qh4+ 36. Kg1 cxd4 37. Rxb7 Qxh6 38. Nf6+ Kh8 39. Bf3 Rf8 0-1

[Event "Titled Tuesday intern op 03rd Sep Late"]
[Site "Chess.com INT"]
[Date "2024.09.03"]
[Round "1"]
[White "Sindarov, Javokhir"]
[Black "Bremner, Adam"]
[Result "1-0"]
[WhiteElo "2677"]
[BlackElo "2173"]
[PlyCount "91"]
[EventDate "2024.09.03"]
[EventType "swiss (blitz)"]
[EventRounds "11"]
[EventCountry "USA"]
[SourceTitle "EXT 2025"]
[Source "ChessBase"]
[SourceDate "2024.10.14"]
[SourceVersion "1"]
[SourceVersionDate "2024.10.14"]
[SourceQuality "1"]

1. Nf3 d5 2. g3 c6 3. Bg2 Bg4 4. c4 e6 5. Qb3 Qb6 6. d3 Nd7 7. Nc3 Ngf6 8. 0-0 Be7 9. Be3 Qxb3 10. axb3 a6 11. h3 Bh5 12. cxd5 Nxd5 13. Nxd5 exd5 14. Bd2 Bf6 15. Bc3 0-0 16. b4 Rfe8 17. Rfe1 Re7 18. Bxf6 Nxf6 19. Nd4 Rae8 20. Kf1 Nd7 21. f4 f6 22. Kf2 Nf8 23. g4 Bf7 24. f5 Nd7 25. h4 Ne5 26. Bh3 h6 27. Rg1 Nd7 28. Rg3 Ne5 29. g5 fxg5 30. hxg5 hxg5 31. Rxg5 Rc7 32. Rag1 g6 33. fxg6 Nxg6 34. Rxg6+ Bxg6 35. Rxg6+ Kh7 36. Rd6 Rce7 37. Bf5+ Kg7 38. e4 dxe4 39. dxe4 Re5 40. Ke3 c5 41. bxc5 Rxc5 42. Ne6+ Rxe6 43. Bxe6 Rb5 44. b3 Kf6 45. Bc4+ Ke5 46. Re6# 1-0

[Event "Titled Tuesday intern op 28th May Late"]
[Site "Chess.com INT"]
[Date "2024.05.28"]
[Round "8"]
[White "Bremner, Adam"]
[Black "Buenafe Moya, Javier"]
[Result "0-1"]
[WhiteElo "2187"]
[BlackElo "2185"]
[PlyCount "74"]
[EventDate "2024.05.28"]
[EventType "swiss (blitz)"]
[EventRounds "11"]
[EventCountry "USA"]
[SourceTitle "EXT 2025"]
[Source "ChessBase"]
[SourceDate "2024.10.14"]
[SourceVersion "1"]
[SourceVersionDate "2024.10.14"]
[SourceQuality "1"]

1. c4 e5 2. g3 f5 3. Nc3 Nf6 4. Nf3 d6 5. d4 e4 6. Nh4 d5 7. Bg5 dxc4 8. e3 Be6 9. d5 Bd7 10. Bxc4 h6 11. Bxf6 Qxf6 12. Qh5+ Kd8 13. Ng6 Be8 14. d6 Bxd6 15. 0-0-0 Qxg6 16. Qe2 Nd7 17. Nb5 Be5 18. Qc2 a6 19. Nd4 Bf7 20. Rd2 Bxc4 21. Qxc4 Kc8 22. Rhd1 Nb6 23. Qb4 Kb8 24. Kb1 Ka7 25. Qa5 Bxd4 26. Rxd4 Qf6 27. Qc5 Rad8 28. a4 Rxd4 29. Rxd4 Kb8 30. a5 Nc8 31. Rd7 Qc6 32. Qxf5 g6 33. Qh3 h5 34. Rg7 Rd8 35. Qf1 Rd6 36. Rg8 Qd5 37. Qh3 Qxg8 0-1

[Event "Titled Tuesday intern op 28th May Late"]
[Site "Chess.com INT"]
[Date "2024.05.28"]
[Round "1"]
[White "Bremner, Adam"]
[Black "Nepomniachtchi, Ian"]
[Result "0-1"]
[WhiteElo "2187"]
[BlackElo "2770"]
[PlyCount "50"]
[EventDate "2024.05.28"]
[EventType "swiss (blitz)"]
[EventRounds "11"]
[EventCountry "USA"]
[SourceTitle "EXT 2025"]
[Source "ChessBase"]
[SourceDate "2024.10.14"]
[SourceVersion "1"]
[SourceVersionDate "2024.10.14"]
[SourceQuality "1"]

1. c4 e5 2. g3 h5 3. h4 Nc6 4. Bg2 Bc5 5. Nc3 d6 6. d3 Bg4 7. Nf3 Nge7 8. a3 a5 9. Bg5 Qd7 10. Ne4 0-0 11. 0-0 Ba7 12. Rb1 a4 13. Nc3 Nf5 14. Kh2 Ncd4 15. Qxa4 Qxa4 16. Nxa4 Nxe2 17. Nc3 Nxc3 18. bxc3 Bb6 19. Rb3 Ra7 20. Nd2 Be2 21. Rfb1 Bxd3 22. R1b2 Bxf2 23. Nf3 Bxg3+ 24. Kh1 b6 25. Bd2 Bxc4 0-1

[Event "Titled Tuesday intern op 07th May Late"]
[Site "Chess.com INT"]
[Date "2024.05.07"]
[Round "3"]
[White "Bremner, Adam"]
[Black "Corrales Jimenez, Fidel"]
[Result "0-1"]
[WhiteElo "2187"]
[BlackElo "2549"]
[PlyCount "112"]
[EventDate "2024.05.07"]
[EventType "swiss (blitz)"]
[EventRounds "11"]
[EventCountry "USA"]
[SourceTitle "EXT 2025"]
[Source "ChessBase"]
[SourceDate "2024.10.14"]
[SourceVersion "1"]
[SourceVersionDate "2024.10.14"]
[SourceQuality "1"]

1. c4 c5 2. g3 Nc6 3. Bg2 Nf6 4. Nc3 g6 5. d3 Bg7 6. e4 d6 7. Nge2 Rb8 8. 0-0 0-0 9. h3 a6 10. a4 Ne8 11. Be3 Nc7 12. d4 cxd4 13. Nxd4 Ne6 14. Nde2 Nc5 15. b3 e6 16. Rb1 Nb4 17. Qd2 Qc7 18. Rfd1 b6 19. Na2 Nxa2 20. Qxa2 Rd8 21. Rd2 Bb7 22. Qc2 Qc6 23. Nd4 Qc7 24. Rbd1 h6 25. Ne2 Kh7 26. Bd4 Bxd4 27. Rxd4 Bc6 28. Nc3 e5 29. R4d2 Ne6 30. Ne2 b5 31. axb5 axb5 32. f4 b4 33. f5 Nc5 34. g4 Ra8 35. Nc1 Rd7 36. fxg6+ fxg6 37. Rf2 Qb7 38. Re1 Ra1 39. Qb2 Qa7 40. Kh2 Ra3 41. Ref1 Ne6 42. Rf6 Qd4 43. Qe2 Nf4 44. Qf3 g5 45. h4 Kg7 46. hxg5 hxg5 47. Rf5 Kg6 48. Kg3 Rh7 49. Rh1 Rxh1 50. Bxh1 Qg1+ 51. Bg2 Qxc1 52. Rxf4 exf4+ 53. Kh2 Qe1 54. Qd3 Qg3+ 55. Qxg3 fxg3+ 56. Kxg3 Rxb3+ 0-1

[Event "Titled Tuesday intern op 07th May Late"]
[Site "Chess.com INT"]
[Date "2024.05.07"]
[Round "6"]
[White "Bremner, Adam"]
[Black "Jing, Andrew"]
[Result "0-1"]
[WhiteElo "2187"]
[BlackElo "2029"]
[PlyCount "128"]
[EventDate "2024.05.07"]
[EventType "swiss (blitz)"]
[EventRounds "11"]
[EventCountry "USA"]
[SourceTitle "EXT 2025"]
[Source "ChessBase"]
[SourceDate "2024.10.14"]
[SourceVersion "1"]
[SourceVersionDate "2024.10.14"]
[SourceQuality "1"]

1. c4 Nf6 2. g3 g6 3. Bg2 Bg7 4. Nc3 0-0 5. e4 e5 6. Nge2 d6 7. 0-0 Nc6 8. d3 Nd7 9. Rb1 a5 10. a3 f5 11. exf5 gxf5 12. f4 Kh8 13. b4 axb4 14. axb4 Nf6 15. b5 Ne7 16. Qc2 Ng6 17. Bd2 Be6 18. Bxb7 Ra7 19. Bg2 Qe7 20. Ra1 Rxa1 21. Rxa1 Rd8 22. Ra7 d5 23. cxd5 Qc5+ 24. Kh1 Qxa7 25. dxe6 Re8 26. Nd5 Ng4 27. Be1 Rxe6 28. Qxc7 Qa1 29. Qc3 exf4 30. Qxa1 Bxa1 31. Bf3 Be5 32. gxf4 Nxf4 33. Nexf4 Bxf4 34. Bc3+ Be5 35. Bxe5+ Nxe5 36. Kg2 Nxd3 37. b6 Nc5 38. Kg3 Kg7 39. Kf4 Kg6 40. h4 h5 41. Kg3 Rd6 42. Nf4+ Kf6 43. Nxh5+ Ke5 44. b7 Rb6 45. Nf4 Ne4+ 46. Bxe4 fxe4 47. h5 Rxb7 48. h6 Rh7 49. Kf2 Kxf4 50. Ke2 Rxh6 51. Kf2 Rh2+ 52. Kg1 Ra2 53. Kf1 e3 54. Ke1 Kf3 55. Kd1 e2+ 56. Ke1 Ra1+ 57. Kd2 e1Q+ 58. Kc2 Qc1+ 59. Kb3 Ra3+ 60. Kb4 Qc3+ 61. Kb5 Ra5+ 62. Kb6 Qc5+ 63. Kb7 Ra7+ 64. Kb8 Qc7# 0-1

[Event "Titled Tuesday intern op 07th May Late"]
[Site "Chess.com INT"]
[Date "2024.05.07"]
[Round "1"]
[White "Bremner, Adam"]
[Black "Maksimovic, Bojan"]
[Result "0-1"]
[WhiteElo "2187"]
[BlackElo "2485"]
[PlyCount "158"]
[EventDate "2024.05.07"]
[EventType "swiss (blitz)"]
[EventRounds "11"]
[EventCountry "USA"]
[SourceTitle "EXT 2025"]
[Source "ChessBase"]
[SourceDate "2024.10.14"]
[SourceVersion "1"]
[SourceVersionDate "2024.10.14"]
[SourceQuality "1"]

1. c4 g6 2. g3 Bg7 3. Bg2 d6 4. Nc3 Nc6 5. d3 Bd7 6. Bd2 Qc8 7. Qc1 h5 8. h4 Nf6 9. Nf3 0-0 10. 0-0 Bh3 11. Bh6 Bxg2 12. Kxg2 Bxh6 13. Qxh6 Ng4 14. Qd2 Nce5 15. Nxe5 dxe5 16. Nd5 Re8 17. Ne3 Nf6 18. Nd5 c6 19. Nxf6+ exf6 20. e3 Qg4 21. Qd1 Qe6 22. b4 Rad8 23. Qc2 f5 24. Rfe1 Qd6 25. Rab1 Qxd3 26. Rec1 Qxc2 27. Rxc2 Rd3 28. c5 Red8 29. b5 Rd2 30. Rxd2 Rxd2 31. bxc6 bxc6 32. Rb8+ Kg7 33. Rc8 Rxa2 34. Rxc6 Ra4 35. Rc7 f4 36. exf4 exf4 37. Rc6 Kf8 38. Rf6 fxg3 39. fxg3 Ke7 40. Rc6 a5 41. Ra6 Ra3 42. Ra7+ Ke6 43. Kf2 a4 44. c6 Ra1 45. Kg2 Rc1 46. Rxa4 Rxc6 47. Rf4 Rc5 48. Rf3 Rc2+ 49. Kh3 f6 50. Re3+ Kf5 51. Rf3+ Ke5 52. Rf1 Re2 53. Rf3 g5 54. hxg5 fxg5 55. Ra3 Ke4 56. Ra4+ Kf3 57. Ra3+ Kf2 58. Ra5 Kg1 59. Ra1+ Kf2 60. Ra5 g4+ 61. Kh4 Kf3 62. Rf5+ Kg2 63. Rf4 Re5 64. Ra4 Re2 65. Ra3 Kh2 66. Kxh5 Kh3 67. Kg5 Re5+ 68. Kf4 Re8 69. Kg5 Rf8 70. Ra4 Rg8+ 71. Kf5 Kxg3 72. Rf4 Rf8+ 73. Kg5 Rxf4 74. Kh5 Kf3 75. Kg5 g3 76. Kh5 g2 77. Kg5 g1Q+ 78. Kh5 Ke2 79. Kh6 Rh4# 0-1

[Event "Titled Tuesday intern op 07th May Late"]
[Site "Chess.com INT"]
[Date "2024.05.07"]
[Round "10"]
[White "Bremner, Adam"]
[Black "Oliveira, Tiago Lopes"]
[Result "1-0"]
[WhiteElo "2187"]
[BlackElo "1985"]
[PlyCount "61"]
[EventDate "2024.05.07"]
[EventType "swiss (blitz)"]
[EventRounds "11"]
[EventCountry "USA"]
[SourceTitle "EXT 2025"]
[Source "ChessBase"]
[SourceDate "2024.10.14"]
[SourceVersion "1"]
[SourceVersionDate "2024.10.14"]
[SourceQuality "1"]

1. c4 c5 2. g3 Nc6 3. Bg2 g6 4. Nc3 Bg7 5. d3 e5 6. Be3 d6 7. Qd2 Be6 8. h4 h5 9. Nf3 Nge7 10. Ng5 Bd7 11. 0-0-0 a6 12. f4 0-0 13. Bf3 Nf5 14. Rdg1 Nxe3 15. Qxe3 Nd4 16. g4 Nxf3 17. exf3 exf4 18. Qxf4 Be5 19. Qd2 hxg4 20. h5 Qf6 21. Nd5 Qd8 22. f4 Bd4 23. hxg6 Bxg1 24. Rxg1 fxg6 25. Qh2 Rf7 26. Nxf7 Kxf7 27. Qh7+ Kf8 28. Rh1 Be6 29. Qxb7 Rb8 30. Rh8+ Bg8 31. Qh7 1-0

[Event "Titled Tuesday intern op 07th May Late"]
[Site "Chess.com INT"]
[Date "2024.05.07"]
[Round "9"]
[White "Metrick, Andrew"]
[Black "Bremner, Adam"]
[Result "1-0"]
[WhiteElo "2255"]
[BlackElo "2187"]
[PlyCount "105"]
[EventDate "2024.05.07"]
[EventType "swiss (blitz)"]
[EventRounds "11"]
[EventCountry "USA"]
[SourceTitle "EXT 2025"]
[Source "ChessBase"]
[SourceDate "2024.10.14"]
[SourceVersion "1"]
[SourceVersionDate "2024.10.14"]
[SourceQuality "1"]

1. e4 c5 2. Nf3 g6 3. d4 cxd4 4. Nxd4 Nc6 5. Nc3 Bg7 6. Be3 Nf6 7. Bc4 0-0 8. Bb3 d6 9. f3 Nxd4 10. Bxd4 Be6 11. 0-0 Bxb3 12. axb3 a6 13. Qd2 Qc7 14. Kh1 Rac8 15. Rf2 Rfd8 16. Bxf6 Bxf6 17. Nd5 Qc5 18. Nxf6+ exf6 19. c4 f5 20. exf5 Qxf5 21. Rd1 d5 22. g4 Qf6 23. cxd5 Rd6 24. Qd4 Qe7 25. Rfd2 Rcd8 26. Qe4 Qc7 27. Kg2 Qb6 28. b4 Qb5 29. Kf2 Qb6+ 30. Qd4 Qc7 31. Qc5 Qb8 32. Kg2 Rc8 33. Qe3 Rcd8 34. h4 Qc7 35. h5 gxh5 36. gxh5 Kh8 37. Qe5+ f6 38. Qf5 Rg8+ 39. Kh1 Qg7 40. Qh3 Qh6 41. Rg2 Rxg2 42. Kxg2 Qg5+ 43. Kf2 Rxd5 44. Qc8+ Kg7 45. Qxb7+ Kh6 46. Qxd5 Qh4+ 47. Ke3 Qxb4 48. Qd4 Qb3+ 49. Rd3 Qc2 50. Qf4+ Kg7 51. Rd7+ Kf8 52. Qxf6+ Ke8 53. Qf7# 1-0

[Event "Titled Tuesday intern op 07th May Late"]
[Site "Chess.com INT"]
[Date "2024.05.07"]
[Round "4"]
[White "Rosenberg, Evan"]
[Black "Bremner, Adam"]
[Result "0-1"]
[WhiteElo "1985"]
[BlackElo "2187"]
[PlyCount "80"]
[EventDate "2024.05.07"]
[EventType "swiss (blitz)"]
[EventRounds "11"]
[EventCountry "USA"]
[SourceTitle "EXT 2025"]
[Source "ChessBase"]
[SourceDate "2024.10.14"]
[SourceVersion "1"]
[SourceVersionDate "2024.10.14"]
[SourceQuality "1"]

1. d4 d5 2. Nf3 Nf6 3. c3 g6 4. Bf4 Bg7 5. h3 0-0 6. Nbd2 c5 7. e3 Qb6 8. Qb3 Nc6 9. Be2 c4 10. Qc2 Bf5 11. Qc1 Ne4 12. 0-0 Qd8 13. b3 cxb3 14. axb3 a6 15. c4 Rc8 16. c5 f6 17. Bh2 e5 18. Rd1 Qd7 19. Nxe4 Bxe4 20. Qc3 Bxf3 21. Bxf3 e4 22. Be2 f5 23. b4 g5 24. b5 axb5 25. Bxb5 f4 26. Ra7 Rc7 27. Bxc6 bxc6 28. Rxc7 Qxc7 29. Rb1 Qd7 30. Rb6 f3 31. Bg3 fxg2 32. Kxg2 h5 33. Qb3 h4 34. Bd6 Rf3 35. Rb8+ Kh7 36. Qb7 Qxh3+ 37. Kg1 Qg4+ 38. Kf1 Rh3 39. Rh8+ Kxh8 40. Qc8+ Qxc8 0-1

[Event "Titled Tuesday intern op 07th May Late"]
[Site "Chess.com INT"]
[Date "2024.05.07"]
[Round "11"]
[White "Van Baar, Esper"]
[Black "Bremner, Adam"]
[Result "0-1"]
[WhiteElo "2207"]
[BlackElo "2187"]
[PlyCount "148"]
[EventDate "2024.05.07"]
[EventType "swiss (blitz)"]
[EventRounds "11"]
[EventCountry "USA"]
[SourceTitle "EXT 2025"]
[Source "ChessBase"]
[SourceDate "2024.10.14"]
[SourceVersion "1"]
[SourceVersionDate "2024.10.14"]
[SourceQuality "1"]

1. Nf3 c5 2. g3 g6 3. Bg2 Bg7 4. 0-0 Nf6 5. d4 cxd4 6. Nxd4 Nc6 7. Nxc6 bxc6 8. c4 0-0 9. Nc3 Qc7 10. Re1 d6 11. e4 Be6 12. Qa4 Rab8 13. Bd2 c5 14. b3 Bd7 15. Qa3 Bc6 16. Rad1 Nd7 17. Nd5 Bxd5 18. exd5 Rfe8 19. Bg5 Bf6 20. Bxf6 Nxf6 21. Re2 Qd7 22. Rde1 e5 23. dxe6 Rxe6 24. Rxe6 fxe6 25. Bh3 Re8 26. Qb2 Kf7 27. Qd2 Re7 28. a3 Re8 29. b4 cxb4 30. axb4 d5 31. cxd5 Qxd5 32. Qc3 Re7 33. Qc8 Re8 34. Qc7+ Qd7 35. Rc1 Qxc7 36. Rxc7+ Re7 37. Rc6 Nd5 38. b5 Nc7 39. b6 axb6 40. Rxb6 Nd5 41. Ra6 Nb4 42. Rb6 Nd5 43. Ra6 Nc7 44. Ra7 Ne8 45. Ra8 Nf6 46. Kg2 h6 47. Kf3 e5 48. Bf1 e4+ 49. Kg2 g5 50. Bc4+ Kg6 51. Ra3 Rc7 52. Ba6 Ra7 53. Ra4 Rc7 54. Bb5 Rc2 55. Ra3 Rb2 56. Bc6 Rc2 57. Ra6 Kf5 58. Bb7 Ng4 59. Ra5+ Kf6 60. Bxe4 Rxf2+ 61. Kg1 Rb2 62. Rf5+ Ke6 63. Rf1 Nf6 64. Bf5+ Ke5 65. Bd3 Nd5 66. Bb5 Rxb5 67. Re1+ Kf5 68. Rf1+ Kg4 69. Re1 Rb2 70. Re6 h5 71. Re4+ Kh3 72. Rd4 Rb1+ 73. Kf2 Nf6 74. Rd6 Ne4+ 0-1

[Event "BCF-chT2 2324 (4NCL)"]
[Site "England"]
[Date "2024.05.06"]
[Round "11.64"]
[White "Bremner, Adam"]
[Black "Walker, Martin Graham"]
[Result "0-1"]
[WhiteElo "2187"]
[BlackElo "2092"]
[PlyCount "104"]
[EventDate "2023.11.11"]
[EventType "team-tourn"]
[EventRounds "11"]
[EventCountry "ENG"]
[SourceTitle "CBM 219 Extra"]
[Source "ChessBase"]
[SourceDate "2024.05.31"]
[SourceVersion "1"]
[SourceVersionDate "2024.05.31"]
[SourceQuality "1"]
[WhiteTeam "The Sharks II"]
[BlackTeam "Anglian Avengers"]
[WhiteTeamCountry "ENG"]
[BlackTeamCountry "ENG"]

1. d4 Nf6 2. c4 g6 3. Nc3 d5 4. Nf3 Bg7 5. Qb3 dxc4 6. Qxc4 0-0 7. e4 Na6 8. Be2 c5 9. d5 e6 10. 0-0 exd5 11. exd5 Bf5 12. Be3 Re8 13. Rad1 Ne4 14. Nxe4 Rxe4 15. Qc1 Qd6 16. a3 Rd8 17. Bd3 Ree8 18. Bxf5 gxf5 19. g3 b6 20. Bf4 Qd7 21. Bh6 Bxh6 22. Qxh6 Qd6 23. Qg5+ Qg6 24. Qc1 Nc7 25. Nh4 Qf6 26. d6 Rxd6 27. Rxd6 Qxd6 28. Qg5+ Kh8 29. Qxf5 Kg8 30. Qg4+ Kh8 31. Rd1 Qf6 32. b4 Rd8 33. Rxd8+ Qxd8 34. Nf5 Ne6 35. Nh6 Qf8 36. Qh5 f6 37. bxc5 bxc5 38. Ng4 Nd4 39. Qd5 Qe7 40. Ne3 Qc7 41. h4 Kg7 42. Nc4 Qe7 43. Nd6 Qe5 44. Qb7+ Kg6 45. Qf7+ Kh6 46. Qf8+ Kg6 47. Qg8+ Kh5 48. Qxh7+ Kg4 49. Qg6+ Kh3 50. Qb1 Qxd6 51. Qf1+ Kg4 52. Qd1+ Nf3+ 0-1